000 00617 a2200181 4500
020 _a0256174040
040 _aDLC
_bDLC
082 0 0 _a004.6
100 1 _aWalrand, Jean.
245 1 0 _aCommunication networks : a first course
_cJean Walrand.
250 _a2nd ed.
260 _aBoston :
_bWCB/McGraw-Hill,
_cc1998.
300 _axv, 336 p. :
_bill. (some col.) ;
_c24 cm.
650 0 _aComputer networks.
856 4 2 _3Publisher description
_uhttp://www.loc.gov/catdir/description/mh023/97045604.html
856 4 2 _3Table of contents
_uhttp://www.loc.gov/catdir/toc/mh022/97045604.html
942 _cBK
_k621.3821 WAL
_2ddc
999 _c8204
_d8204